000 01235nam a2200337 i 4500
003 EG-GICUC
005 20260122091639.0
008 251119s1977 ua ||||f |||| 00| 0 ara d
017 _a77/1958
020 _a977-306-54-4
040 _a EG-GICUC
_bara
_c EG-GICUC
_d EG-GICUC
_erda
041 _aara
082 0 4 _221
_a345.255
_bم ن . م
092 0 4 _221
099 _aLaw1 07 345.255 م ن . م 1 ed- 1977
100 0 _aمنير ابراهيم شلبي
_eمؤلف.
245 1 2 _aالمرفق المحلي :
_bدراسة مقارنة /
_cدكتور منير ابراهيم شلبي .
250 _aالطبعة الأولي
264 _aالقاهرة :
_bدار الفكر العربي ,
_c1977.
300 _a431 صفحة
_c24 سم
336 _2rda content
_atext
337 _2rda media
_aComputer
338 _2rda carrier
_aOnline Resource
504 _a. 425-313 ببليوجرافيا: صفحات.
546 _aالنص أغلبه باللغة العربية بعض النصوص الإنجليزية والفرنسية
650 1 _aالقانون الإداري
_2qrmak
651 1 _2qrmak
856 4 0 _uhttps://fll.law.cu.edu.eg/fulltext/bks/B07-00992.pdf
905 _a74
_eYara
942 _2ddc
_n0
_cBK
_e21
999 _c44903
_d44903